000 03308cam a22005657a 4500
003 CHAP
005 20220329140948.0
008 971013s1996 r 00010 d
010 _a60516
011 _a61488
035 _a65654
040 _cCHAP
082 _a338.972 I59 1995
_bSon.
110 _aInstituto Nacional de Estadística, Geografía e Informática. México
_959304
245 0 _aCuaderno estadístico municipal
_b: Sonora
260 _aAguascaliente, Ags. :
_bINEGI,
_c1996
300 _av.
500 _aLa biblioteca tiene : v.1 Hermosillo.-- v.2 Benjamín Hill.-- v.3 Cajeme.--v.4 Guaymas.-- v.5 Huatabampo.-- v.6 Imuris.-- v.7 Magdalena.-- v.8 Navojoa.--v.9 Nogales.-- v.10 Santa Ana.
590 _aBATCH-UPD
_b10
_c20130110
_lUCH01
_h1921
590 _aBATCH-UPD
_b10
_c20130410
_lUCH01
_h1247
590 _aBATCH-UPD
_b10
_c20130914
_lUCH01
_h1500
590 _aCONVERSION
_b10
_c20130109
_lUCH01
_h1333
650 1 4 _aAgricultura
_xEstadisticas
_zSonora.
_91467
650 1 4 _aGanadería
_xEstadísticas
_zSonora.
_944726
650 1 4 _aSonora
_xCondiciones económicas.
_9108580
650 1 4 _aSonora
_xCondiciones sociales.
_9108582
650 1 4 _aSonora
_xEstadísticas.
_9108585
901 _aBK
942 _cLIBRO
949 _a338.972 I59 1995 Son.
_bBC
_cINEGI
_d33724000619979
_eINEGI
_fv.2
_h90993
_i65654
_si
_t27.00
949 _a338.972 I59 1995 Son.
_bBC
_cINEGI
_d33724000619987
_eINEGI
_fv.2 c.2
_h90994
_i65654
_si
_t27.00
949 _a338.972 I59 1995 Son.
_bBC
_cINEGI
_d33724000619995
_eINEGI
_fv.3
_h90995
_i65654
_si
_t27.00
949 _a338.972 I59 1995 Son.
_bBC
_cINEGI
_d33724000620001
_eINEGI
_fv.3 c.2
_h90996
_i65654
_si
_t27.00
949 _a338.972 I59 1995 Son.
_bBC
_cINEGI
_d33724000620019
_eINEGI
_fv.4
_h90997
_i65654
_si
_t27.00
949 _a338.972 I59 1995 Son.
_bBC
_cINEGI
_d33724000620027
_eINEGI
_fv.4 c.2
_h90998
_i65654
_si
_t27.00
949 _a338.972 I59 1995 Son.
_bBC
_cINEGI
_d33724000620035
_eINEGI
_fv.5
_h90999
_i65654
_si
_t27.00
949 _a338.972 I59 1995 Son.
_bBC
_cINEGI
_d33724000620043
_eINEGI
_fv.5 c.2
_h91000
_i65654
_si
_t27.00
949 _a338.972 I59 1995 Son.
_bBC
_cINEGI
_d33724000620050
_eINEGI
_fv.6
_h91001
_i65654
_si
_t27.00
949 _a338.972 I59 1995 Son.
_bBC
_cINEGI
_d33724000620068
_eINEGI
_fv.6 c.2
_h91002
_i65654
_si
_t27.00
949 _a338.972 I59 1995 Son.
_bBC
_cINEGI
_d33724000620076
_eINEGI
_fv.7
_h91003
_i65654
_si
_t27.00
949 _a338.972 I59 1995 Son.
_bBC
_cINEGI
_d33724000620084
_eINEGI
_fv.7 c.2
_h91004
_i65654
_si
_t27.00
949 _a338.972 I59 1995 Son.
_bBC
_cINEGI
_d33724000620092
_eINEGI
_fv.8
_h91005
_i65654
_si
_t27.00
949 _a338.972 I59 1995 Son.
_bBC
_cINEGI
_d33724000620100
_eINEGI
_fv.8 c.2
_h91006
_i65654
_si
_t27.00
949 _a338.972 I59 1995 Son.
_bBC
_cINEGI
_d33724000620118
_eINEGI
_fv.9
_h91007
_i65654
_si
_t27.00
949 _a338.972 I59 1995 Son.
_bBC
_cINEGI
_d33724000620126
_eINEGI
_fv.9 c.2
_h91008
_i65654
_si
_t27.00
949 _a338.972 I59 1995 Son.
_bBC
_cINEGI
_d33724000620134
_eINEGI
_fv.10
_h91009
_i65654
_si
_t27.00
949 _a338.972 I59 1995 Son.
_bBC
_cINEGI
_d33724000620142
_eINEGI
_fv.10 c.2
_h91010
_i65654
_si
_t27.00
949 _a338.972 I59 1995 Son.
_bBC
_cINEGI
_d33724000655916
_eINEGI
_fv.1
_gI. c/e
_h90721
_i65654
_si
_t27.00
949 _a338.972 I59 1995 Son.
_bBC
_cINEGI
_d33724000655924
_eINEGI
_fv.1 c.2
_gI. c/e
_h90722
_i65654
_si
_t27.00
999 _c60516
_d60516